Kooperácia v dedinskom spoločenstve (problém terminológie a systematizácie)

Bibliographic Details
Main Author: Škovierová, Zita, 1952- (Author)
Format: Article
Language:Slovak
PhysicalDescription:Res. angl., lit. 33 zázn. v rôz. jaz.
Subjects:

MARC

LEADER 00000nab a2200000 a 4500
001 vtls000537738
003 SK-MaSNL
005 20260304100200.0
008 250425c1993 xo 0 slo
015 |a SNBRB19rr/mm-uuuuu 
035 |a CL0537876 
035 |a urn:nbn:sk:snk-abdlx 
035 |a (urnnbn)urn:nbn:sk:snk:ar-a036ih 
035 |a (uuid)d3b7adf2-c278-4509-86ea-a351e711b871 
040 |a SNKBUCL  |b slo  |c SNKBUCL  |e AACR2 
041 0 |a slo 
044 |a xo  |c SK 
080 |a 301.185.2  |2 1981 
100 1 |a Škovierová, Zita,  |d 1952-  |4 aut  |9 182380 
245 1 0 |a Kooperácia v dedinskom spoločenstve (problém terminológie a systematizácie)  |c Zita Škovierová 
300 |b Res. angl., lit. 33 zázn. v rôz. jaz. 
650 0 7 |a dedinské spoločenstvá  |2 snkbucl  |9 589106 
655 7 |a články z novín a časopisov  |2 snkbucl  |9 267496 
773 0 |t Slovenský národopis  |g Roč. 41, č. 3 (1993), s. 259-270 
850 |a Slovenská národná knižnica 
852 |a Slovenská národná knižnica 
954 |a odborná, vedecká literatúra pôvodná (slovenská)  |2 lita 
958 |a article27 
958 |a RK 
958 |a NX 
958 |a OND 
958 |a EUIPO 
992 |a RBX 
999 |c 2836615  |d 2838545